02756cam a2200385 a 450000100090000000300050000900500170001400800410003101000170007201500190008901600180010802000250012602000220015102000240017302000240019702000210022102000210024203500240026304001140028704200140040105000220041508200220043710000180045924500750047724600360055226000360058830000450062450400660066950506880073552007820142365000440220565000450224965500530229470000230234718814653NUST20230413085625.0151013s2013 enkab bf 001 0 eng d a 2015473709 aGBB2877112bnb7 a0161621652Uk a9780470972250 (hbk.) a0470972254 (hbk.) a9781118494646 (ebk) a9781118494653 (ebk) a1118494644 (ebk) a1118494652 (ebk) a(OCoLC)ocn809558599 aUKMGBbengcUKMGBdOCLCOdBTCTAdUABdNLEdYDXCPdCDXdYNKdCUDdMEUdUPMdOCLCAdA7UdOCLCFdNYWWBdOCLdDLC alccopycat00aHT166b.F519 201304a307.1216223bFIR1 aFirley, Eric.14aThe urban masterplanning handbook /cEric Firley and Katharina Grön.3 aUrban master plannning handbook aChichester, UK :bWiley,c2013. a287 p. :bcol. ill., col. maps ;c29 cm. aIncludes bibliographical references (p. [282]-283) and index.0 aMachine generated contents note: Case Studies -- Broadgate, London -- Massena Nord, Paris -- Stuyvesant Town, New York -- Battery Park City, New York -- Avenue de l'Opera, Paris -- Vauban, Freiburg -- Antigone, Montpellier -- Potsdamer Platz, Berlin -- Kirchsteigfeld, Potsdam -- Spangen, Rotterdam -- Belgravia, London -- False Creek North, Vancouver -- Sarphatipark, Amsterdam -- Marunouchi, Tokyo -- Euralille, Lille -- Puerto Madero, Buenos Aires -- Hammarby Sjostad, Stockholm -- Downtown Dubai -- Beijing Central Business District -- La Defense Seine Arche, Greater Paris -- APPENDICES -- Timeline -- Density Table -- Figure-ground Diagrams -- Scale Comparison of all Projects.8 aThis important resource features 20 examples of masterplans that are rigorously analysed visually through drawings and diagrams that are specially drawn to scale. As well as providing high quality graphical representations of its subjects, the reference gives an important new emphasis on the processes and structures that influence the form of these projects. It reveals whether a masterplan has been privately or publicly funded, if it has been planned as a single entity, or through multiple subdivisions of land, if it has been initiated by an individual landowner or by the city through expropriation. These significant influences are highlighted in the individual case study texts and through highly legible diagrams and also by the comparisons made between the projects. 0aCity planningvHandbooks, manuals, etc. 7aCity planning.2fast0(OCoLC)fst00862177 7aHandbooks and manuals.2fast0(OCoLC)fst014238771 aGrön, Katharina.